[Event "DEM U10 2024"]
[Site "Willingen GER"]
[Date "2024.05.23"]
[Round "8"]
[White "Alloussi, Arian"]
[Black "Fabritius, Wolf"]
[Result "1/2-1/2"]
[Termination "normal"]
[Board "15"]
[WhiteElo "1697"]
[BlackElo "1426"]
[WhiteClock "00:07:22"]
[BlackClock "00:53:19"]
[PlyCount "40"]
[WhiteFideId "34637788"]
[BlackFideId "34632603"]
[EventCountry "GER"]
[EventRounds "11"]
[EventType "swiss"]
[EventDate "2024.05.18"]

1. e4 {[%clk 01:15:59]} e6 {[%clk 01:15:55]} {[%emt 00:00:05]} 2. d3 {[%clk
01:16:08]} {[%emt 00:00:21]} d5 {[%clk 01:16:16]} {[%emt 00:00:10]} 3. Nd2
{[%clk 01:16:28]} {[%emt 00:00:09]} dxe4 {[%clk 01:16:22]} {[%emt 00:00:25]} 4.
dxe4 {[%clk 01:16:44]} {[%emt 00:00:13]} g6 {[%clk 01:16:36]} {[%emt 00:00:16]}
5. Ngf3 {[%clk 01:16:39]} {[%emt 00:00:35]} Bg7 {[%clk 01:16:58]} {[%emt
00:00:07]} 6. g3 {[%clk 01:16:09]} {[%emt 00:01:00]} Nf6 {[%clk 01:17:14]}
{[%emt 00:00:15]} 7. Bg2 {[%clk 01:14:47]} {[%emt 00:01:52]} O-O {[%clk
01:17:33]} {[%emt 00:00:11]} 8. O-O {[%clk 01:04:20]} {[%emt 00:10:57]} Nc6
{[%clk 01:15:11]} {[%emt 00:02:52]} 9. Qe2 {[%clk 01:00:56]} {[%emt 00:03:53]}
b6 {[%clk 01:12:09]} {[%emt 00:03:33]} 10. Re1 {[%clk 00:39:19]} {[%emt
00:22:07]} Bb7 {[%clk 01:02:31]} {[%emt 00:10:08]} 11. a4 {[%clk 00:31:58]}
{[%emt 00:07:52]} a5 {[%clk 00:59:46]} {[%emt 00:03:15]} 12. h3 {[%clk
00:10:28]} {[%emt 00:21:59]} Ba6 {[%clk 00:57:04]} {[%emt 00:03:11]} 13. Qe3
{[%clk 00:09:43]} {[%emt 00:01:16]} Nb4 {[%clk 00:56:00]} {[%emt 00:01:35]} 14.
Qb3 {[%clk 00:09:24]} {[%emt 00:00:49]} Nd7 {[%clk 00:54:17]} {[%emt 00:02:11]}
15. e5 {[%clk 00:08:03]} {[%emt 00:01:51]} Nc5 {[%clk 00:53:00]} {[%emt
00:01:49]} 16. Qc3 {[%clk 00:08:16]} {[%emt 00:00:16]} Nd5 {[%clk 00:52:07]}
{[%emt 00:01:23]} 17. Qd4 {[%clk 00:07:35]} {[%emt 00:01:11]} Nb4 {[%clk
00:52:15]} {[%emt 00:00:21]} 18. Qc3 {[%clk 00:07:30]} {[%emt 00:00:36]} Nd5
{[%clk 00:52:35]} {[%emt 00:00:10]} 19. Qd4 {[%clk 00:07:19]} {[%emt 00:00:41]}
Nb4 {[%clk 00:52:59]} {[%emt 00:00:07]} 20. Qc3 {[%clk 00:07:22]} {[%emt
00:00:21]} Nd5 {[%clk 00:53:19]} {[%emt 00:00:14]} 1/2-1/2

[Event "DEM U10 2024"]
[Site "Willingen GER"]
[Date "2024.05.23"]
[Round "8"]
[White "Zielke, Mika"]
[Black "Dombert, Johannes"]
[Result "0-1"]
[Termination "normal"]
[Board "16"]
[WhiteElo "1589"]
[BlackElo "1270"]
[WhiteClock "00:12:45"]
[BlackClock "00:17:29"]
[PlyCount "106"]
[WhiteFideId "34661816"]
[BlackFideId "533001766"]
[EventCountry "GER"]
[EventRounds "11"]
[EventType "swiss"]
[EventDate "2024.05.18"]

1. e4 {[%clk 01:15:58]} {[%emt 00:00:02]} e5 {[%clk 01:15:52]} {[%emt
00:00:07]} 2. Bc4 {[%clk 01:16:16]} {[%emt 00:00:13]} Nf6 {[%clk 01:15:08]}
{[%emt 00:01:14]} 3. d3 {[%clk 01:16:33]} {[%emt 00:00:13]} Bc5 {[%clk
01:14:33]} {[%emt 00:01:06]} 4. Nf3 {[%clk 01:16:23]} {[%emt 00:00:39]} Nc6
{[%clk 01:09:23]} {[%emt 00:05:39]} 5. O-O {[%clk 01:16:10]} {[%emt 00:00:43]}
O-O {[%clk 01:08:38]} {[%emt 00:01:17]} 6. c3 {[%clk 01:15:48]} {[%emt
00:00:51]} d6 {[%clk 01:03:51]} {[%emt 00:05:18]} 7. Be3 {[%clk 01:15:49]}
{[%emt 00:00:28]} Bxe3 {[%clk 01:01:20]} {[%emt 00:03:01]} 8. fxe3 {[%clk
01:16:04]} {[%emt 00:00:14]} Be6 {[%clk 01:01:45]} {[%emt 00:00:06]} 9. Bb3
{[%clk 01:15:31]} {[%emt 00:01:02]} Qd7 {[%clk 00:55:39]} {[%emt 00:06:36]} 10.
Nbd2 {[%clk 01:13:47]} {[%emt 00:02:13]} Rad8 {[%clk 00:49:21]} {[%emt
00:06:49]} 11. d4 {[%clk 01:11:52]} {[%emt 00:02:26]} exd4 {[%clk 00:49:27]}
{[%emt 00:00:25]} 12. exd4 {[%clk 01:11:38]} {[%emt 00:00:43]} d5 {[%clk
00:49:28]} {[%emt 00:00:28]} 13. e5 {[%clk 01:11:20]} {[%emt 00:00:47]} Ne8
{[%clk 00:43:25]} {[%emt 00:06:34]} 14. Ng5 {[%clk 01:07:29]} {[%emt 00:04:21]}
Bg4 {[%clk 00:40:34]} {[%emt 00:03:22]} 15. Qc2 {[%clk 01:07:09]} {[%emt
00:00:49]} g6 {[%clk 00:39:42]} {[%emt 00:01:22]} 16. Rae1 {[%clk 01:03:30]}
{[%emt 00:04:09]} Ng7 {[%clk 00:38:31]} {[%emt 00:01:40]} 17. Qd3 {[%clk
00:59:03]} {[%emt 00:04:58]} Ne6 {[%clk 00:37:25]} {[%emt 00:01:37]} 18. Ndf3
{[%clk 00:51:35]} {[%emt 00:07:58]} Bf5 {[%clk 00:32:54]} {[%emt 00:05:00]} 19.
Qd2 {[%clk 00:48:22]} {[%emt 00:03:37]} Na5 {[%clk 00:26:08]} {[%emt 00:07:22]}
20. Nxe6 {[%clk 00:44:36]} {[%emt 00:04:16]} fxe6 {[%clk 00:25:03]} {[%emt
00:01:35]} 21. Bc2 {[%clk 00:39:32]} {[%emt 00:05:34]} Nc4 {[%clk 00:21:57]}
{[%emt 00:03:37]} 22. Qc1 {[%clk 00:38:55]} {[%emt 00:01:06]} Bxc2 {[%clk
00:18:53]} {[%emt 00:03:34]} 23. Qxc2 {[%clk 00:38:37]} {[%emt 00:00:48]} Qe7
{[%clk 00:15:44]} {[%emt 00:03:38]} 24. Nd2 {[%clk 00:36:54]} {[%emt 00:02:13]}
Rxf1+ {[%emt 00:00:59]} 25. Rxf1 {[%clk 00:36:59]} Ne3 {[%clk 00:15:53]} {[%emt
00:00:19]} 26. Qd3 {[%clk 00:36:50]} {[%emt 00:00:39]} Nxf1 {[%clk 00:16:15]}
{[%emt 00:00:08]} 27. Qxf1 {[%clk 00:37:06]} {[%emt 00:00:14]} Rf8 {[%clk
00:16:11]} {[%emt 00:00:33]} 28. Qb5 {[%clk 00:36:20]} {[%emt 00:01:16]} Qf7
{[%clk 00:14:44]} {[%emt 00:01:57]} 29. Qe2 {[%clk 00:35:26]} {[%emt 00:01:23]}
c6 {[%clk 00:13:40]} {[%emt 00:01:36]} 30. h3 {[%clk 00:33:32]} {[%emt
00:02:24]} Kg7 {[%clk 00:12:54]} {[%emt 00:01:16]} 31. Nf3 {[%clk 00:32:57]}
{[%emt 00:01:04]} Qf4 {[%clk 00:12:20]} {[%emt 00:01:03]} 32. Kf2 {[%clk
00:28:44]} {[%emt 00:04:45]} Qe4 {[%clk 00:11:33]} {[%emt 00:01:17]} 33. Qd2
{[%clk 00:28:14]} {[%emt 00:00:59]} b6 {[%clk 00:10:43]} {[%emt 00:01:20]} 34.
a3 {[%clk 00:26:24]} {[%emt 00:02:20]} c5 {[%clk 00:10:00]} {[%emt 00:01:12]}
35. Kg1 {[%clk 00:22:03]} {[%emt 00:04:49]} h6 {[%clk 00:08:29]} {[%emt
00:02:05]} 36. Qd1 {[%clk 00:19:38]} {[%emt 00:02:54]} c4 {[%clk 00:02:32]}
{[%emt 00:06:26]} 37. Qd2 {[%clk 00:10:34]} {[%emt 00:09:36]} Rf7 {[%clk
00:01:57]} {[%emt 00:01:06]} 38. Qd1 {[%clk 00:08:40]} {[%emt 00:02:22]} g5
{[%clk 00:01:37]} {[%emt 00:00:50]} 39. Nh2 {[%clk 00:04:42]} {[%emt 00:04:28]}
Qe3+ {[%clk 00:01:12]} {[%emt 00:00:55]} 40. Kh1 {[%clk 00:04:52]} {[%emt
00:00:20]} Qd3 {[%clk 00:01:31]} {[%emt 00:00:11]} 41. Qc1 {[%clk 00:04:25]}
{[%emt 00:00:58]} Rf2 {[%clk 00:01:12]} {[%emt 00:00:47]} 42. Qg1 {[%clk
00:15:27]} {[%emt 00:04:29]} Rxb2 {[%clk 00:16:28]} {[%emt 00:00:15]} 43. Nf3
{[%clk 00:13:15]} {[%emt 00:02:42]} Rb1 {[%clk 00:15:07]} {[%emt 00:01:51]} 44.
Qxb1 {[%clk 00:11:26]} {[%emt 00:02:19]} Qxb1+ {[%clk 00:15:27]} {[%emt
00:00:10]} 45. Kh2 {[%clk 00:11:51]} {[%emt 00:00:05]} Qb3 {[%clk 00:15:37]}
{[%emt 00:00:19]} 46. a4 {[%clk 00:11:50]} {[%emt 00:00:33]} Qxc3 {[%clk
00:16:00]} {[%emt 00:00:06]} 47. a5 {[%clk 00:12:12]} {[%emt 00:00:08]} Qxf3
{[%clk 00:16:08]} {[%emt 00:00:22]} 48. axb6 {[%clk 00:11:54]} {[%emt
00:00:47]} Qf4+ {[%clk 00:16:30]} {[%emt 00:00:09]} 49. Kg1 {[%clk 00:12:00]}
{[%emt 00:00:24]} c3 {[%clk 00:16:25]} {[%emt 00:00:35]} 50. g3 {[%clk
00:11:54]} {[%emt 00:00:37]} Qxg3+ {[%clk 00:16:49]} {[%emt 00:00:06]} 51. Kf1
{[%clk 00:12:17]} {[%emt 00:00:06]} c2 {[%clk 00:17:03]} {[%emt 00:00:16]} 52.
Ke2 {[%clk 00:12:22]} {[%emt 00:00:26]} c1=Q {[%clk 00:17:13]} {[%emt
00:00:18]} 53. h4 {[%clk 00:12:45]} {[%emt 00:00:08]} Qce1# {[%clk 00:17:29]}
{[%emt 00:00:13]} 0-1

[Event "DEM U10 2024"]
[Site "Willingen GER"]
[Date "2024.05.23"]
[Round "8"]
[White "Al Luwaisi, Omer"]
[Black "Liu, Yichen"]
[Result "1-0"]
[Termination "normal"]
[Board "17"]
[WhiteElo "1660"]
[BlackElo "1212"]
[WhiteClock "01:22:18"]
[BlackClock "00:56:37"]
[PlyCount "63"]
[WhiteFideId "34645888"]
[BlackFideId "34677917"]
[EventCountry "GER"]
[EventRounds "11"]
[EventType "swiss"]
[EventDate "2024.05.18"]

1. e4 {[%clk 01:15:58]} {[%emt 00:00:02]} c6 {[%clk 01:15:53]} {[%emt
00:00:07]} 2. Nf3 {[%clk 01:16:21]} {[%emt 00:00:07]} d5 {[%clk 01:16:14]}
{[%emt 00:00:09]} 3. exd5 {[%clk 01:16:46]} {[%emt 00:00:05]} cxd5 {[%clk
01:16:26]} {[%emt 00:00:18]} 4. Ne5 {[%clk 01:17:11]} {[%emt 00:00:05]} Bf5
{[%clk 01:16:04]} {[%emt 00:00:52]} 5. Qf3 {[%clk 01:17:11]} {[%emt 00:00:28]}
e6 {[%clk 01:15:26]} {[%emt 00:01:11]} 6. Bb5+ {[%clk 01:17:38]} {[%emt
00:00:03]} Ke7 {[%clk 01:14:19]} {[%emt 00:01:36]} 7. b3 {[%clk 01:17:44]}
{[%emt 00:00:23]} Nf6 {[%clk 01:14:08]} {[%emt 00:00:42]} 8. Ba3+ {[%clk
01:18:06]} {[%emt 00:00:08]} Qd6 {[%clk 01:12:06]} {[%emt 00:02:32]} 9. Bxd6+
{[%clk 01:18:21]} {[%emt 00:00:16]} Kxd6 {[%clk 01:12:22]} {[%emt 00:00:13]}
10. Nxf7+ {[%clk 01:18:45]} {[%emt 00:00:07]} Ke7 {[%clk 01:11:50]} {[%emt
00:01:01]} 11. Nxh8 {[%clk 01:19:08]} {[%emt 00:00:06]} g6 {[%clk 01:11:16]}
{[%emt 00:01:05]} 12. O-O {[%clk 01:19:22]} {[%emt 00:00:16]} Bg7 {[%clk
01:10:46]} {[%emt 00:00:59]} 13. Nxg6+ {[%clk 01:19:44]} {[%emt 00:00:08]} Bxg6
{[%clk 01:10:41]} {[%emt 00:00:35]} 14. Re1 {[%clk 01:20:08]} {[%emt 00:00:06]}
Nc6 {[%clk 01:06:08]} {[%emt 00:05:04]} 15. Bxc6 {[%clk 01:20:29]} {[%emt
00:00:09]} bxc6 {[%clk 01:06:25]} {[%emt 00:00:13]} 16. Nc3 {[%clk 01:20:43]}
{[%emt 00:00:15]} Kd7 {[%clk 01:03:53]} {[%emt 00:03:03]} 17. Qe3 {[%clk
01:19:20]} {[%emt 00:01:50]} Bf5 {[%clk 01:03:54]} {[%emt 00:00:31]} 18. d4
{[%clk 01:19:11]} {[%emt 00:00:40]} Re8 {[%clk 01:03:05]} {[%emt 00:01:19]} 19.
Na4 {[%clk 01:18:31]} {[%emt 00:01:06]} Kc7 {[%clk 00:59:23]} {[%emt 00:04:15]}
20. Qg3+ {[%clk 01:18:48]} {[%emt 00:00:14]} Kd8 {[%clk 00:59:00]} {[%emt
00:00:53]} 21. Qxg7 {[%clk 01:19:10]} {[%emt 00:00:08]} Ne4 {[%clk 00:58:50]}
{[%emt 00:00:39]} 22. Rxe4 {[%clk 01:19:04]} {[%emt 00:00:37]} Bxe4 {[%clk
00:58:57]} {[%emt 00:00:22]} 23. Nc5 {[%clk 01:19:32]} {[%emt 00:00:03]} Re7
{[%clk 00:56:25]} {[%emt 00:03:02]} 24. Qf8+ {[%clk 01:19:59]} {[%emt
00:00:03]} Re8 {[%clk 00:56:24]} {[%emt 00:00:30]} 25. Qd6+ {[%clk 01:20:26]}
{[%emt 00:00:03]} Kc8 {[%clk 00:56:46]} {[%emt 00:00:08]} 26. Na6 {[%clk
01:20:49]} {[%emt 00:00:07]} Kb7 {[%clk 00:55:41]} {[%emt 00:01:35]} 27. Qd7+
{[%clk 01:21:04]} {[%emt 00:00:14]} Kxa6 {[%clk 00:56:00]} {[%emt 00:00:11]}
28. Qxc6+ {[%clk 01:21:26]} {[%emt 00:00:08]} Ka5 {[%clk 00:56:21]} {[%emt
00:00:10]} 29. a3 {[%clk 01:21:19]} {[%emt 00:00:37]} Rb8 {[%clk 00:56:05]}
{[%emt 00:00:45]} 30. b4+ {[%clk 01:21:39]} {[%emt 00:00:11]} Rxb4 {[%clk
00:56:20]} {[%emt 00:00:14]} 31. axb4+ {[%clk 01:21:57]} {[%emt 00:00:13]} Kxb4
{[%clk 00:56:37]} {[%emt 00:00:12]} 32. Ra4# {[%clk 01:22:18]} {[%emt
00:00:10]} 1-0

[Event "DEM U10 2024"]
[Site "Willingen GER"]
[Date "2024.05.23"]
[Round "8"]
[White "Schmidt, Alexander Nadvid"]
[Black "Wittenberger, Henri"]
[Result "1-0"]
[Termination "normal"]
[Board "19"]
[WhiteElo "1679"]
[BlackElo "1210"]
[WhiteClock "00:53:14"]
[BlackClock "00:15:03"]
[PlyCount "103"]
[WhiteFideId "34661360"]
[BlackFideId "34691510"]
[EventCountry "GER"]
[EventRounds "11"]
[EventType "swiss"]
[EventDate "2024.05.18"]

1. e4 {[%clk 01:15:59]} e5 {[%clk 01:15:54]} {[%emt 00:00:06]} 2. Nf3 {[%clk
01:16:17]} {[%emt 00:00:12]} Nc6 {[%clk 01:16:12]} {[%emt 00:00:12]} 3. d4
{[%clk 01:16:38]} {[%emt 00:00:09]} exd4 {[%clk 01:16:32]} {[%emt 00:00:10]} 4.
Bc4 {[%clk 01:16:53]} {[%emt 00:00:14]} Bc5 {[%clk 01:16:28]} {[%emt 00:00:35]}
5. c3 {[%clk 01:17:11]} {[%emt 00:00:12]} Nf6 {[%clk 01:16:38]} {[%emt
00:00:19]} 6. e5 {[%clk 01:17:33]} {[%emt 00:00:09]} d5 {[%clk 01:16:46]}
{[%emt 00:00:23]} 7. Bb5 {[%clk 01:17:55]} {[%emt 00:00:08]} Ne4 {[%clk
01:16:52]} {[%emt 00:00:23]} 8. cxd4 {[%clk 01:18:15]} {[%emt 00:00:10]} Bb6
{[%clk 01:16:19]} {[%emt 00:01:01]} 9. Be3 {[%clk 01:18:36]} {[%emt 00:00:10]}
O-O {[%clk 01:15:32]} {[%emt 00:01:18]} 10. Nc3 {[%clk 01:18:54]} {[%emt
00:00:11]} Bf5 {[%clk 01:12:17]} {[%emt 00:03:46]} 11. Rc1 {[%clk 01:15:22]}
{[%emt 00:04:02]} a6 {[%clk 01:05:22]} {[%emt 00:07:26]} 12. Ba4 {[%clk
01:11:20]} {[%emt 00:04:31]} Na5 {[%clk 01:05:03]} {[%emt 00:00:46]} 13. h3
{[%clk 01:09:58]} {[%emt 00:01:55]} Nc4 {[%clk 01:03:55]} {[%emt 00:01:39]} 14.
Qe2 {[%clk 01:06:01]} {[%emt 00:04:25]} Ba5 {[%clk 00:53:50]} {[%emt 00:10:37]}
15. O-O {[%clk 01:05:38]} {[%emt 00:00:52]} Bxc3 {[%clk 00:53:06]} {[%emt
00:01:15]} 16. bxc3 {[%clk 01:05:23]} {[%emt 00:00:44]} b5 {[%clk 00:52:45]}
{[%emt 00:00:51]} 17. Bb3 {[%clk 01:05:08]} {[%emt 00:00:45]} Rb8 {[%clk
00:52:04]} {[%emt 00:01:12]} 18. Nd2 {[%clk 01:02:39]} {[%emt 00:02:58]} Rb6
{[%clk 00:46:44]} {[%emt 00:05:51]} 19. Nxe4 {[%clk 01:02:12]} {[%emt
00:00:56]} Bxe4 {[%clk 00:47:01]} {[%emt 00:00:13]} 20. Bc2 {[%clk 01:02:00]}
{[%emt 00:00:41]} Qh4 {[%clk 00:30:41]} {[%emt 00:16:42]} 21. f4 {[%clk
01:00:54]} {[%emt 00:01:45]} Rg6 {[%clk 00:24:57]} {[%emt 00:06:14]} 22. Bxe4
{[%clk 00:59:54]} {[%emt 00:01:30]} dxe4 {[%clk 00:25:04]} {[%emt 00:00:23]}
23. f5 {[%clk 00:57:32]} {[%emt 00:02:51]} Nxe3 {[%clk 00:20:09]} {[%emt
00:05:27]} 24. fxg6 {[%clk 00:57:16]} {[%emt 00:00:46]} Nxf1 {[%clk 00:20:24]}
{[%emt 00:00:15]} 25. gxf7+ {[%clk 00:56:33]} {[%emt 00:01:13]} Rxf7 {[%clk
00:20:13]} {[%emt 00:00:38]} 26. Rxf1 {[%clk 00:56:43]} {[%emt 00:00:23]} Rxf1+
{[%clk 00:20:09]} {[%emt 00:00:34]} 27. Qxf1 {[%clk 00:56:58]} {[%emt
00:00:15]} Qg3 {[%clk 00:17:20]} {[%emt 00:03:16]} 28. e6 {[%clk 00:56:47]}
{[%emt 00:00:43]} Qg6 {[%clk 00:13:59]} {[%emt 00:03:48]} 29. d5 {[%clk
00:54:58]} {[%emt 00:02:22]} Qf6 {[%clk 00:13:28]} {[%emt 00:01:01]} 30. Qc1
{[%clk 00:53:12]} {[%emt 00:02:15]} c6 {[%clk 00:12:21]} {[%emt 00:01:39]} 31.
Qd2 {[%clk 00:48:35]} {[%emt 00:05:00]} Qe5 {[%clk 00:11:22]} {[%emt 00:01:34]}
32. d6 {[%clk 00:47:30]} {[%emt 00:01:37]} Qc5+ {[%clk 00:08:37]} {[%emt
00:03:14]} 33. Kh1 {[%clk 00:47:27]} {[%emt 00:00:32]} Qb6 {[%clk 00:08:46]}
{[%emt 00:00:22]} 34. d7 {[%clk 00:47:37]} {[%emt 00:00:20]} Qd8 {[%clk
00:09:13]} {[%emt 00:00:04]} 35. e7 {[%clk 00:47:53]} {[%emt 00:00:14]} Qxe7
{[%clk 00:09:41]} {[%emt 00:00:01]} 36. d8=Q+ {[%clk 00:48:08]} {[%emt
00:00:16]} Kf7 {[%clk 00:09:45]} {[%emt 00:00:25]} 37. Qxe7+ {[%clk 00:48:21]}
{[%emt 00:00:16]} Kxe7 {[%clk 00:10:10]} {[%emt 00:00:07]} 38. Qe3 {[%clk
00:48:37]} {[%emt 00:00:13]} Kf6 {[%clk 00:10:26]} {[%emt 00:00:15]} 39. Qf4+
{[%clk 00:48:59]} {[%emt 00:00:08]} Ke6 {[%clk 00:10:44]} {[%emt 00:00:12]} 40.
Qxe4+ {[%clk 00:49:24]} {[%emt 00:00:05]} Kd6 {[%clk 00:11:07]} {[%emt
00:00:07]} 41. Kg1 {[%clk 00:49:49]} {[%emt 00:00:05]} c5 {[%clk 00:11:25]}
{[%emt 00:00:12]} 42. Kf2 {[%clk 00:50:10]} {[%emt 00:00:09]} h6 {[%clk
00:11:48]} {[%emt 00:00:07]} 43. Ke3 {[%clk 00:50:35]} {[%emt 00:00:05]} g5
{[%clk 00:12:04]} {[%emt 00:00:14]} 44. c4 {[%clk 00:50:54]} {[%emt 00:00:11]}
b4 {[%clk 00:12:24]} {[%emt 00:00:09]} 45. Qd5+ {[%clk 00:51:18]} {[%emt
00:00:06]} Kc7 {[%clk 00:12:47]} {[%emt 00:00:08]} 46. Qxc5+ {[%clk 00:51:42]}
{[%emt 00:00:06]} Kb8 {[%clk 00:13:10]} {[%emt 00:00:07]} 47. Qe7 {[%clk
00:52:05]} {[%emt 00:00:06]} b3 {[%clk 00:13:29]} {[%emt 00:00:11]} 48. axb3
{[%clk 00:52:30]} {[%emt 00:00:05]} a5 {[%clk 00:13:55]} {[%emt 00:00:05]} 49.
Kd4 {[%clk 00:52:54]} {[%emt 00:00:05]} a4 {[%clk 00:14:17]} {[%emt 00:00:08]}
50. Kc5 {[%clk 00:52:58]} {[%emt 00:00:26]} axb3 {[%clk 00:14:39]} {[%emt
00:00:07]} 51. Kb6 {[%clk 00:53:21]} {[%emt 00:00:07]} b2 {[%clk 00:15:03]}
{[%emt 00:00:06]} 52. Qb7# {[%clk 00:53:14]} {[%emt 00:00:06]} 1-0

[Event "DEM U10 2024"]
[Site "Willingen GER"]
[Date "2024.05.23"]
[Round "8"]
[White "Menke, Xaver Louis"]
[Black "Nikolic, Luka"]
[Result "1/2-1/2"]
[Termination "normal"]
[Board "20"]
[WhiteElo "1324"]
[BlackElo "1145"]
[WhiteClock "00:55:16"]
[BlackClock "00:58:19"]
[PlyCount "66"]
[WhiteFideId "34663134"]
[BlackFideId "34655123"]
[EventCountry "GER"]
[EventRounds "11"]
[EventType "swiss"]
[EventDate "2024.05.18"]

1. e4 {[%clk 01:15:57]} {[%emt 00:00:02]} c6 {[%clk 01:15:53]} {[%emt
00:00:08]} 2. Nc3 {[%clk 01:15:30]} {[%emt 00:00:54]} d5 {[%clk 01:16:08]}
{[%emt 00:00:19]} 3. Qe2 {[%clk 01:14:55]} {[%emt 00:00:58]} d4 {[%clk
01:16:17]} {[%emt 00:00:27]} 4. Nd1 {[%clk 01:14:27]} {[%emt 00:00:57]} e5
{[%clk 01:16:19]} {[%emt 00:00:28]} 5. d3 {[%clk 01:13:50]} {[%emt 00:01:08]}
Nf6 {[%clk 01:15:40]} {[%emt 00:01:09]} 6. f4 {[%clk 01:12:49]} {[%emt
00:01:30]} Bg4 {[%clk 01:13:38]} {[%emt 00:02:32]} 7. Nf3 {[%clk 01:10:51]}
{[%emt 00:02:29]} exf4 {[%clk 01:12:27]} {[%emt 00:01:42]} 8. Bxf4 {[%clk
01:09:58]} {[%emt 00:01:22]} Nh5 {[%clk 01:12:28]} {[%emt 00:00:29]} 9. Bg3
{[%clk 01:09:19]} {[%emt 00:01:09]} Bd6 {[%clk 01:11:22]} {[%emt 00:01:36]} 10.
e5 {[%clk 01:08:06]} {[%emt 00:01:43]} O-O {[%clk 01:10:31]} {[%emt 00:01:21]}
11. Nf2 {[%clk 01:04:47]} {[%emt 00:03:48]} Nxg3 {[%clk 01:09:29]} {[%emt
00:01:33]} 12. hxg3 {[%clk 01:04:31]} {[%emt 00:00:47]} Bxf3 {[%clk 01:07:51]}
{[%emt 00:02:09]} 13. gxf3 {[%clk 01:04:13]} {[%emt 00:00:47]} Bxe5 {[%clk
01:06:46]} {[%emt 00:01:35]} 14. O-O-O {[%clk 01:03:57]} {[%emt 00:00:46]} Bxg3
{[%clk 01:06:57]} {[%emt 00:00:20]} 15. Qe4 {[%clk 01:02:40]} {[%emt 00:01:42]}
f5 {[%clk 01:07:03]} {[%emt 00:00:28]} 16. Qe6+ {[%clk 01:02:25]} {[%emt
00:00:45]} Rf7 {[%clk 01:06:54]} {[%emt 00:00:39]} 17. Nh3 {[%clk 01:02:07]}
{[%emt 00:00:48]} Qe7 {[%clk 01:06:23]} {[%emt 00:01:01]} 18. Qc4 {[%clk
01:01:03]} {[%emt 00:01:34]} Qe3+ {[%clk 01:05:52]} {[%emt 00:01:01]} 19. Kb1
{[%clk 01:00:05]} {[%emt 00:01:23]} Qxf3 {[%clk 01:05:18]} {[%emt 00:01:09]}
20. Bg2 {[%clk 01:00:01]} {[%emt 00:00:33]} Qxg2 {[%clk 01:04:57]} {[%emt
00:00:52]} 21. Ng5 {[%clk 00:59:49]} {[%emt 00:00:42]} Qd5 {[%clk 01:03:55]}
{[%emt 00:01:32]} 22. Qxd5 {[%clk 00:59:28]} {[%emt 00:00:51]} cxd5 {[%clk
01:04:14]} {[%emt 00:00:11]} 23. Nxf7 {[%clk 00:59:41]} {[%emt 00:00:16]} Kxf7
{[%clk 01:04:36]} {[%emt 00:00:09]} 24. Rxh7 {[%clk 00:59:54]} {[%emt
00:00:17]} Nc6 {[%clk 01:04:15]} {[%emt 00:00:51]} 25. Rh5 {[%clk 00:58:31]}
{[%emt 00:01:52]} Kg6 {[%clk 01:02:09]} {[%emt 00:02:37]} 26. Rh3 {[%clk
00:58:16]} {[%emt 00:00:45]} Bf2 {[%clk 01:00:55]} {[%emt 00:01:43]} 27. Rf3
{[%clk 00:57:44]} {[%emt 00:01:02]} Be3 {[%clk 01:00:36]} {[%emt 00:00:50]} 28.
Rdf1 {[%clk 00:56:39]} {[%emt 00:01:35]} f4 {[%clk 01:00:40]} {[%emt 00:00:26]}
29. a3 {[%clk 00:55:43]} {[%emt 00:01:26]} Kf5 {[%clk 01:00:00]} {[%emt
00:01:09]} 30. c3 {[%clk 00:55:31]} {[%emt 00:00:43]} g5 {[%clk 01:00:17]}
{[%emt 00:00:13]} 31. Rh1 {[%clk 00:55:37]} {[%emt 00:00:23]} dxc3 {[%clk
00:58:49]} {[%emt 00:02:00]} 32. Rhf1 {[%clk 00:55:02]} {[%emt 00:01:04]} g4
{[%clk 00:58:16]} {[%emt 00:01:03]} 33. Rxe3 {[%clk 00:55:16]} {[%emt
00:00:16]} cxb2 {[%clk 00:58:19]} {[%emt 00:00:27]} 1/2-1/2